000 00783nam a2200229 a 4500
999 _c499
_d499
008 190903r19942013ii a|||gr|||| 000 0 eng d
020 _a9788121924894
_cRs. 105.00
040 _aKO
_beng
041 0 _aeng
044 _aii
082 0 4 _223
_a425
_bW926
100 1 _aWren, P. C.
245 1 0 _aKey to Regular & Multicolor Edition of High School English Grammar & Composition /
_cP. C. Wren, H. Martin ; Revised by N. D. V. Prasada Rao
260 _aNew Delhi :
_bS. Chand & Company Pvt Ltd,
_c1994, Reprinted 2013
300 _a140 p. :
_bill. ;
_c24 cm.
650 0 _aEnglish language
_xGrammar
_vTextbooks
650 0 _aEnglish language
_x Composition and exercises
_vTextbooks
700 _aMartin, H.
_eaut
700 _aRao, N. D. V. Prasada
_eaut
942 _cBK